| 000 | 02446nam a2200241 4500 | ||
|---|---|---|---|
| 003 | EC-UNACH | ||
| 005 | 20250924144555.0 | ||
| 006 | s||||gr|||| 00| 00 | ||
| 008 | 150116t9999 mx r gr 000 0 spa d | ||
| 020 | _a9789978456873 | ||
| 040 |
_aEC-UNACH _cEC-UNACH |
||
| 041 | _aspa | ||
| 082 | 0 | 4 |
_223 _a610.0252 _bL001092 |
| 245 | _aBuscando remedio. Atención básica y uso de medicamentos esenciales. | ||
| 250 | _aSexta edición actualizada | ||
| 264 |
_aNicaragua _bAIS - Nicaragua _c2010 |
||
| 300 |
_a479 páginas _bFiguras, tablas |
||
| 505 | _aIntroducción al manual -- Presentación -- Índice de materias (contenido) Cómo usar la guía y cómo está organizado La atención primaria de salud y el papel de los medicamentos -- Primera parte -- Información general sobre los medicamentos -- 1. El personal de salud y los medicamentos -- 2. Datos básicos sobre medicamentos -- Qué son 5, cuál es su origen 6, para que sirven 6. los 3 nombres de los medicamentos 6, las formas farmacéuticas 7 -- 3. Los medicamentos en el organismo -- Los efectos de los medicamentos 9, formas de administración 10, absorción 10 distribución, metabolismo, eliminación 11, relación entre dosis administrada y efecto del medicamento 12 -- 4. El peligro de los medicamentos. -- Efectos no deseados de los medicamentos 14, de que dependen las reacciones indeseadas 16, farmacovigilancia 17 -- 5. Cómo calcular la dosis -- Datos de la persona 19, datos del medicamento 20, medidas para manejar los medicamentos 21, cálculo del goteo de perfusión 2 -- 6. Técnicas de administración -- Administración oral 30, administración rectal 32, administración parenteral 33, consejos para inyecciones seguras 34, administración por vía respiratoria y tópica -- 7. Manejo de los medicamentos en la farmacia -- Cómo organizar la farmacia o el almacén 44, cómo conservar la calidad de los medicamentos 45, cómo reconocer los medicamentos dañados 46, cómo reconocer los medicamentos vencidos 47, qué hacer con los medicamentos a descartar 47, consumo, existencia y pedido de los medicamentos 48 -- 8. Prescripción, despacho y cumplimiento -- Pasos a seguir para una prescripción adecuada 54, cómo dispensar los medicamentos 56, cómo lograr que las personas cumplan la prescripción 58. | ||
| 942 |
_2ddc _c1 |
||
| 999 | _c13900 | ||